000
00510nam a2200145Ia 4500
008
100204s9999 xx 000 0 und d
082
_b
18619
100
_a
मिस्त्री निर्मला सी.
245
_a
भरतकाम डिझाइन्स
260
_b
"गाला पब्लिशर्स, मुंबई"
300
_a
136
630
_a
भरतकाम डिझाइन्स
730
_a
भरतकाम डिझाइन्स
942
_c
BOOK
999
_c
463042
_d
463039